header

Improving organisational performance (Record no. 49756)

MARC details
000 -LEADER
fixed length control field 01131nam a2200301Ia 4500
082 04 - DEWEY DECIMAL CLASSIFICATION NUMBER
Classification number 658/.4013
245 00 - TITLE STATEMENT
Title Improving organisational performance
260 ## - PUBLICATION, DISTRIBUTION, ETC. (IMPRINT)
Place of publication Bradford, England :
Name of publisher Emerald Group Publishing,
Year of publication c2005.
300 ## - PHYSICAL DESCRIPTION
Number of Pages 110 p.
490 0# - SERIES STATEMENT
Series statement Managerial auditing journal ;
650 #0 - SUBJECT ADDED ENTRY--TOPICAL TERM
Topical Term Auditing, Internal.
Topical Term Management audit.
700 1# - ADDED ENTRY--PERSONAL NAME
Personal name Vinten, Gerald.
856 40 - ELECTRONIC LOCATION AND ACCESS
Uniform Resource Identifier http://site.ebrary.com/lib/rucke/Doc?id=10085642

No items available.

© 2026 Rongo University
Contact us: librarian | system librarian | Rongo university